书目信息 |
| 题名: |
邓小平传略
|
|
| 作者: | 金冲及 撰文 ;中共中央文献研究室 编 | |
| 分册: | ||
| 出版信息: | 北京 人民出版社 1988.10 |
|
| 页数: | 47页 | |
| 开本: | 19厘米 | |
| 丛书名: | ||
| 单 册: | ||
| 中图分类: | K821 | |
| 科图分类: | ||
| 主题词: | ||
| 电子资源: | ||
| ISBN: | 7-01-000430-7 | |
| 000 | 00776nam0 2200241 450 | |
| 001 | 0100278721 | |
| 005 | 20020928000000.0 | |
| 010 | @a7-01-000430-7@dCNY1.30 | |
| 011 | @a7-01-000430-7 | |
| 100 | @a19910105d1988 m y0chiy0110 ea | |
| 101 | 0 | @achi |
| 102 | @aCN@b110000 | |
| 105 | @af z 000zb | |
| 106 | @ar | |
| 200 | 1 | @a邓小平传略@9Deng Xiao Ping Chuan;Zhuan Lue @f中共中央文献研究室编@g金冲及等撰文@b专著 |
| 210 | @a北京@c人民出版社@c中央文献出版社@d1988.10 | |
| 215 | @a47页@c照片@d19厘米 | |
| 600 | 0 | @a邓小平@f(1904-1997)@x传记 |
| 690 | @aK821@v1980 | |
| 701 | 0 | @a金冲及@f(1930~)@9jin chong ji@4撰文 |
| 712 | 02 | @a中共中央文献研究室@9zhong gong zhong yang wen xian yan jiu shi@4编 |
| 801 | 0 | @aCN@bAiZhiMarc@c19910105 |
| 905 | @aBZT@dK821@e19@f2@sK821/19 | |
| 邓小平传略/中共中央文献研究室编/金冲及等撰文.-北京:人民出版社:中央文献出版社,1988.10 |
| 47页:照片;19厘米 |
| ISBN 7-01-000430-7:CNY1.30 |
| ● |
| 相关链接 |
|
|
|
正题名:邓小平传略
索取号:K821/19
 
预约/预借
| 序号 | 登录号 | 条形码 | 馆藏地/架位号 | 状态 | 备注 |
| 1 | 2000036030 | 2000036030 | 旧书回溯/ [索取号:K821/19] | 在馆 | |
| 2 | 2000048877 | 2000048877 | 旧书回溯/ [索取号:K821/19] | 在馆 |